| 000 | 00831nam a2200229Ii 4500 | ||
|---|---|---|---|
| 003 | JO-AjNU | ||
| 008 | 230605s9999||||xx |||||||||||||| ||und|| | ||
| 017 | _a2012/21030 | ||
| 020 | _a978-977-6413-33-7 | ||
| 040 |
_aJO-AjNU _bara _erda _cJO-AjNU |
||
| 041 | _aara | ||
| 050 | 1 | 4 | _aKRM920.2013 |
| 100 | 3 |
_aمنصور، مجدى محمد محمدين , _eauthor _944199 |
|
| 245 | 0 | 0 | _aدور البنوك التجارية في عقد الرهن التجارى |
| 250 | _aط1 | ||
| 264 | 3 | 1 | _aالاسكندرية : مكتبة الوفاء القانونية ، 2013 |
| 300 |
_a331ص _bيشتمل على مراجع ببلوغرافية ص ( 313-321 ) |
||
| 336 |
_atext _btxt _2rdacontent |
||
| 337 |
_aunmediated _bn _2rdamedia |
||
| 338 |
_avolume _bnc _2rdacarrier |
||
| 650 | 4 |
_aالرهن -- قانون تجاري _944200 |
|
| 999 |
_aA19064 _c22632 _d22632 |
||